V Turecku urobil "cirkus", jedlo mu nosili na tanieri Jaroslav Horváth pochodil kus sveta

Podrobná bibliografia
Médium: Článok
Jazyk:Slovak
Témy:
Zdroj: 1. Košický večer. Korzár 1. Roč. XX, č. 33 (2010) s. 10 1. 1336-5320
LEADER 00812nab#a2200301#ar4500
001 000108050
003 SVKKK
005 20120503124852.0
008 120503c2010 xo |||||||||||||||b|slo
FMT
038 |a SVKKK 
040 |a SVKKK  |b slo  |e AACR2 
041 0 |a slo 
044 |a xo  |c SK 
080 |a 394.26  |2 1997 
080 |a 929 Horváth, Jaroslav  |2 1997 
245 1 0 |a V Turecku urobil "cirkus", jedlo mu nosili na tanieri  |b Jaroslav Horváth pochodil kus sveta  |c [autor] tt 
300 |b Obr. 
600 1 4 |a Horváth, Jaroslav  |x profesionálny kulturista 
650 0 4 |a letné dovolenky 
651 4 |a Košice (Slovensko) 
773 0 |t Košický večer. Korzár  |g Roč. XX, č. 33 (2010) s. 10  |x 1336-5320 
958 |a BX 
974 |a Va 
992 |a RBX 
BAS
852 |a SVKKK  |b BIB 
998 |a REG